History Quiz

Random History or World Quiz

World's Fairs Quiz Stats

 Plays Quiz Updated Aug 31, 2017

Also try: Olympics Cities
Challenge
Share
Tweet
Embed
Score 0/52 Timer 08:00
2 Plays Today
Year City/Metro Area % Correct
1851 London
98%
1862London
98%
1867Paris
97.8%
1878Paris
97.8%
1889Paris
97.8%
1900Paris
97.8%
1855Paris
97.8%
1925Paris
97.8%
1937Paris
97.8%
1939New York
96.8%
1964New York
96.8%
1879Sydney
90.4%
1893Chicago
89.1%
1933Chicago
89.1%
1935Brussels
85.5%
1958Brussels
85.5%
1897Brussels
85.5%
1929Barcelona & Seville
85.3%
1883Amsterdam
80.8%
1873Vienna
80.8%
1907Dublin
79.7%
1967Montreal
74.8%
1998Lisbon
72.5%
1880Melbourne
72.2%
2015Milan
72.1%
1906Milan
70%
Year City/Metro Area % Correct
1904St. Louis
69.7%
1986Vancouver
69.1%
1915San Francisco
68.8%
1876Philadelphia
66.5%
2010Shanghai
64.3%
1962Seattle
61.9%
1930Antwerp
50.7%
1885Antwerp
50.4%
1970Osaka
49.1%
1902Turin
45.7%
1911Turin
45.7%
1992Seville
41.9%
1984New Orleans
39.9%
2017Astana
38.3%
1988Brisbane
33.5%
1968San Antonio
25.4%
1982Knoxville
21.8%
1913Ghent
18.7%
1905Liege
15.5%
2000Hanover
11.6%
2008Zaragoza
8.8%
1974Spokane
8%
1993Daejeon
3.9%
2012Yeosu
3.9%
2005Aichi
3.8%
1985Tsukuba
3.2%

You're not logged in!

Compare scores with friends on all Sporcle quizzes.
Join for Free
OR
Log In

You Might Also Like...

Show Comments

Extras

Top Quizzes Today


Score Distribution

Your Account Isn't Verified!

In order to create a playlist on Sporcle, you need to verify the email address you used during registration. Go to your Sporcle Settings to finish the process.

Report this User

Report this user for behavior that violates our Community Guidelines.

Details: